000 01082nam a2200253Ia 4500
003 Ost
005 20260507074923.0
008 260507s9999||||xx |||||||||||||| ||und||
020 _a3138129957
040 _cfsecg
041 _aara
082 _a351
100 _aالعلاق، بشير
_eمؤلف
245 0 _aالإدارة الحديثة :
_bنظريات ومفاهيم /
_c بشير العلاق
260 _aعمان:
_bدار اليازوري للنشر والتوزيع,
_c2008
300 _a388 صفحة؛
_bإيضاحات ؛
_c25 سم
504 _aببليوغرافيا: ص.385
520 _aطبيعة العملية الادارية، تطور الفكر الاداري، المنهج العلمي في دراسة الادارة، العملية التخطيطية، التنظيم، التشكيل، التوجيه، التنسيق، العملية الرقابية، العلاقات العامة
653 _aالادارة
653 _aالتخطيط
653 _aالتنظيم
653 _aالرقابة الادارية
942 _cكتاب
999 _c41813
_d41813